Trainwreck Films - Sudden Death - Statistics

General Stats
  • This quiz has been taken 2,490 times
  • The average score is 4 of 14
Answers on the Grid
Answers color-coded by a green-red scale on the quiz's grid according to % correct below.
8 Mile
Back to the Future
Part III
Batman Begins
Bullet Train
How to Train
Your Dragon
Hugo
Midnight Express
Money Train
Pineapple Express
Polar Express
Skyfall
Skytrain
Snowpiercer
Source Code
Space Jam
Speed
Super 8
The Fugitive
The Girl on the Train
Titanic
Train to Busan
Training Day
Unbreakable
Unstoppable
 
Answer Stats
Answer % Correct
Bullet Train
67%
Back to the Future
Part III
58%
Batman Begins
37%
Snowpiercer
32%
Train to Busan
28%
Skyfall
26%
Money Train
23%
The Fugitive
22%
Unbreakable
22%
Speed
19%
Unstoppable
19%
Super 8
17%
Hugo
16%
Source Code
12%
No matching quizzes found
Score Distribution
Percent of People with Each Score
Percentile by Number Answered
Your Score History
You have not taken this quiz